[Event "DEM U8 2024"]
[Site "Willingen GER"]
[Date "2024.05.25"]
[Round "7"]
[White "Simon, Benjamin"]
[Black "Ni, Wilhelm Zeyin"]
[Result "1-0"]
[Termination "normal"]
[Board "12"]
[WhiteElo "1305"]
[BlackElo "1696"]
[WhiteClock "00:08:12"]
[BlackClock "00:36:43"]
[PlyCount "105"]
[WhiteFideId "34652329"]
[BlackFideId "34675337"]
[EventCountry "GER"]
[EventRounds "7"]
[EventType "swiss"]
[EventDate "2024.05.21"]

1. e4 {[%clk 01:00:27]} {[%emt 00:00:02]} e5 {[%clk 01:00:22]} {[%emt
00:00:08]} 2. Nf3 {[%clk 01:00:34]} {[%emt 00:00:08]} Nc6 {[%clk 01:00:33]}
{[%emt 00:00:06]} 3. Nc3 {[%clk 01:00:41]} {[%emt 00:00:06]} Nf6 {[%clk
01:00:38]} {[%emt 00:00:10]} 4. Bb5 {[%clk 01:00:31]} {[%emt 00:00:25]} Nd4
{[%clk 01:00:43]} {[%emt 00:00:10]} 5. Nxd4 {[%clk 01:00:21]} {[%emt 00:00:25]}
exd4 {[%clk 01:00:49]} {[%emt 00:00:09]} 6. e5 {[%clk 01:00:20]} {[%emt
00:00:16]} dxc3 {[%clk 01:00:55]} {[%emt 00:00:09]} 7. exf6 {[%clk 01:00:23]}
{[%emt 00:00:12]} Qxf6 {[%clk 01:00:56]} {[%emt 00:00:14]} 8. dxc3 {[%clk
01:00:14]} {[%emt 00:00:24]} Bc5 {[%clk 00:59:41]} {[%emt 00:01:29]} 9. O-O
{[%clk 01:00:14]} {[%emt 00:00:16]} O-O {[%clk 00:58:19]} {[%emt 00:01:37]} 10.
Bd2 {[%clk 00:59:57]} {[%emt 00:00:31]} c6 {[%clk 00:58:14]} {[%emt 00:00:21]}
11. Bd3 {[%clk 00:59:51]} {[%emt 00:00:20]} d5 {[%clk 00:58:15]} {[%emt
00:00:14]} 12. Qh5 {[%clk 00:58:51]} {[%emt 00:01:15]} h6 {[%clk 00:58:11]}
{[%emt 00:00:20]} 13. Kh1 {[%clk 00:27:04]} {[%emt 00:32:02]} Bd7 {[%clk
00:56:52]} {[%emt 00:01:33]} 14. f4 {[%clk 00:25:49]} {[%emt 00:01:30]} Rfe8
{[%clk 00:52:44]} {[%emt 00:04:22]} 15. Rf3 {[%clk 00:25:16]} {[%emt 00:00:49]}
Bf8 {[%clk 00:51:59]} {[%emt 00:01:00]} 16. Rg3 {[%clk 00:23:56]} {[%emt
00:01:35]} Kh8 {[%clk 00:50:43]} {[%emt 00:01:32]} 17. f5 {[%clk 00:21:27]}
{[%emt 00:02:44]} Re7 {[%clk 00:47:08]} {[%emt 00:03:50]} 18. Rh3 {[%clk
00:18:16]} {[%emt 00:03:26]} Rae8 {[%clk 00:46:01]} {[%emt 00:01:23]} 19. Rf1
{[%clk 00:15:08]} {[%emt 00:03:22]} g6 {[%clk 00:44:29]} {[%emt 00:01:47]} 20.
Bg5 {[%clk 00:11:24]} {[%emt 00:03:59]} gxh5 {[%clk 00:42:40]} {[%emt
00:02:04]} 21. Bxf6+ {[%clk 00:10:52]} {[%emt 00:00:47]} Bg7 {[%clk 00:42:43]}
{[%emt 00:00:13]} 22. Bxe7 {[%clk 00:10:52]} {[%emt 00:00:15]} Rxe7 {[%clk
00:42:45]} {[%emt 00:00:13]} 23. f6 {[%clk 00:09:49]} {[%emt 00:01:19]} Bxf6
{[%clk 00:42:07]} {[%emt 00:00:52]} 24. Rxf6 {[%clk 00:09:41]} {[%emt
00:00:23]} Bxh3 {[%clk 00:42:14]} {[%emt 00:00:08]} 25. gxh3 {[%clk 00:09:46]}
{[%emt 00:00:10]} Kg7 {[%clk 00:42:06]} {[%emt 00:00:24]} 26. Rf2 {[%clk
00:09:31]} {[%emt 00:00:31]} c5 {[%clk 00:41:06]} {[%emt 00:01:14]} 27. Re2
{[%clk 00:09:29]} {[%emt 00:00:16]} Rxe2 {[%clk 00:40:39]} {[%emt 00:00:43]}
28. Bxe2 {[%clk 00:09:38]} {[%emt 00:00:06]} h4 {[%clk 00:40:35]} {[%emt
00:00:18]} 29. Kg2 {[%clk 00:09:46]} {[%emt 00:00:06]} Kg6 {[%clk 00:40:37]}
{[%emt 00:00:14]} 30. Bf3 {[%clk 00:09:43]} {[%emt 00:00:17]} b6 {[%clk
00:40:36]} {[%emt 00:00:16]} 31. Bxd5 {[%clk 00:09:47]} {[%emt 00:00:11]} f6
{[%clk 00:40:45]} {[%emt 00:00:07]} 32. Kf3 {[%clk 00:09:38]} {[%emt 00:00:23]}
Kf5 {[%clk 00:40:53]} {[%emt 00:00:08]} 33. c4 {[%clk 00:09:22]} {[%emt
00:00:31]} h5 {[%clk 00:39:45]} {[%emt 00:01:22]} 34. c3 {[%clk 00:09:17]}
{[%emt 00:00:20]} Ke5 {[%clk 00:39:32]} {[%emt 00:00:27]} 35. Be4 {[%clk
00:09:09]} {[%emt 00:00:23]} f5 {[%clk 00:39:13]} {[%emt 00:00:34]} 36. Bd5
{[%clk 00:08:38]} {[%emt 00:00:46]} f4 {[%clk 00:38:40]} {[%emt 00:00:48]} 37.
Be4 {[%clk 00:08:22]} {[%emt 00:00:31]} a6 {[%clk 00:37:56]} {[%emt 00:00:59]}
38. a4 {[%clk 00:08:25]} {[%emt 00:00:12]} a5 {[%clk 00:37:40]} {[%emt
00:00:32]} 39. b3 {[%clk 00:08:29]} {[%emt 00:00:10]} Kf6 {[%clk 00:37:25]}
{[%emt 00:00:29]} 40. Kxf4 {[%clk 00:08:33]} {[%emt 00:00:12]} Ke6 {[%clk
00:37:20]} {[%emt 00:00:19]} 41. Bg6 {[%clk 00:07:53]} {[%emt 00:00:55]} Ke7
{[%clk 00:36:53]} {[%emt 00:00:41]} 42. Ke5 {[%clk 00:07:45]} {[%emt 00:00:23]}
Kd8 {[%clk 00:36:34]} {[%emt 00:00:34]} 43. Kd6 {[%clk 00:07:48]} {[%emt
00:00:12]} Kc8 {[%clk 00:36:40]} {[%emt 00:00:09]} 44. Kc6 {[%clk 00:07:46]}
{[%emt 00:00:17]} Kb8 {[%clk 00:36:31]} {[%emt 00:00:24]} 45. Kxb6 {[%clk
00:07:51]} {[%emt 00:00:10]} Ka8 {[%clk 00:36:37]} {[%emt 00:00:09]} 46. Kxa5
{[%clk 00:07:55]} {[%emt 00:00:11]} Ka7 {[%clk 00:36:45]} {[%emt 00:00:08]} 47.
Kb5 {[%clk 00:08:02]} {[%emt 00:00:07]} Kb7 {[%clk 00:36:47]} {[%emt 00:00:13]}
48. a5 {[%clk 00:08:06]} {[%emt 00:00:11]} Ka7 {[%clk 00:36:47]} {[%emt
00:00:15]} 49. a6 {[%clk 00:08:11]} {[%emt 00:00:10]} Kb8 {[%clk 00:36:46]}
{[%emt 00:00:16]} 50. Bf5 {[%clk 00:08:05]} {[%emt 00:00:21]} Kc7 {[%clk
00:36:38]} {[%emt 00:00:23]} 51. Kxc5 {[%clk 00:08:10]} {[%emt 00:00:10]} Kb8
{[%clk 00:36:44]} {[%emt 00:00:09]} 52. Kb6 {[%clk 00:08:11]} {[%emt 00:00:14]}
Ka8 {[%clk 00:36:43]} {[%emt 00:00:16]} 53. b4 {[%clk 00:08:12]} {[%emt
00:00:14]} 1-0

[Event "DEM U8 2024"]
[Site "Willingen GER"]
[Date "2024.05.25"]
[Round "7"]
[White "Al Luwaisi, Taim"]
[Black "Studdert, Levi"]
[Result "0-1"]
[Termination "normal"]
[Board "13"]
[WhiteElo "1198"]
[BlackElo "1109"]
[WhiteClock "00:40:11"]
[BlackClock "00:54:32"]
[PlyCount "32"]
[WhiteFideId "34645896"]
[BlackFideId "34672486"]
[EventCountry "GER"]
[EventRounds "7"]
[EventType "swiss"]
[EventDate "2024.05.21"]

1. e4 {[%emt 00:00:02]} e5 {[%clk 01:00:23]} {[%emt 00:00:05]} 2. Nf3 {[%clk
01:00:38]} {[%emt 00:00:06]} Nc6 {[%clk 01:00:15]} {[%emt 00:00:20]} 3. Bc4
{[%clk 01:00:49]} {[%emt 00:00:08]} Bc5 {[%clk 01:00:11]} {[%emt 00:00:19]} 4.
c3 {[%clk 01:00:55]} {[%emt 00:00:09]} Nf6 {[%clk 01:00:14]} {[%emt 00:00:12]}
5. d4 {[%clk 01:01:04]} {[%emt 00:00:06]} exd4 {[%clk 01:00:00]} {[%emt
00:00:20]} 6. cxd4 {[%clk 01:01:19]} Bb4+ {[%clk 00:59:21]} {[%emt 00:01:03]}
7. Bd2 {[%clk 01:01:27]} {[%emt 00:00:08]} Nxe4 {[%clk 00:58:39]} {[%emt
00:00:57]} 8. Bxb4 {[%clk 01:01:34]} {[%emt 00:00:08]} Nxb4 {[%clk 00:58:39]}
{[%emt 00:00:15]} 9. Bxf7+ {[%clk 01:01:36]} {[%emt 00:00:10]} Kxf7 {[%clk
00:58:42]} {[%emt 00:00:16]} 10. Qb3+ {[%clk 01:01:45]} {[%emt 00:00:06]} d5
{[%clk 00:58:33]} {[%emt 00:00:22]} 11. Qxb4 {[%clk 01:01:51]} {[%emt
00:00:12]} Rf8 {[%clk 00:58:07]} {[%emt 00:00:41]} 12. O-O {[%clk 01:00:43]}
{[%emt 00:01:22]} Kg8 {[%clk 00:56:15]} {[%emt 00:02:03]} 13. Nc3 {[%clk
01:00:09]} {[%emt 00:00:53]} Rxf3 {[%clk 00:55:33]} {[%emt 00:00:56]} 14. gxf3
{[%clk 00:59:00]} {[%emt 00:01:25]} Qg5+ {[%clk 00:55:21]} {[%emt 00:00:27]}
15. Kh1 {[%clk 00:59:06]} {[%emt 00:00:10]} Bh3 {[%clk 00:55:23]} {[%emt
00:00:13]} 16. Rg1 {[%clk 00:40:11]} {[%emt 00:19:08]} Nxf2# {[%clk 00:54:32]}
{[%emt 00:01:07]} 0-1

[Event "DEM U8 2024"]
[Site "Willingen GER"]
[Date "2024.05.25"]
[Round "7"]
[White "Roscher, Simon"]
[Black "Jiang, Luca"]
[Result "1/2-1/2"]
[Termination "normal"]
[Board "14"]
[WhiteElo "1109"]
[BlackElo "1098"]
[WhiteClock "00:42:24"]
[BlackClock "00:37:44"]
[PlyCount "240"]
[WhiteFideId "34673130"]
[EventCountry "GER"]
[EventRounds "7"]
[EventType "swiss"]
[EventDate "2024.05.21"]

1. e4 {[%clk 01:00:28]} {[%emt 00:00:01]} e5 {[%clk 01:00:18]} {[%emt
00:00:11]} 2. Nf3 {[%clk 01:00:38]} {[%emt 00:00:05]} Nc6 {[%clk 01:00:24]}
{[%emt 00:00:10]} 3. d4 {[%clk 01:00:48]} {[%emt 00:00:05]} exd4 {[%clk
00:58:36]} {[%emt 00:02:03]} 4. Bc4 {[%clk 01:00:32]} {[%emt 00:00:31]} Bb4+
{[%clk 00:58:25]} {[%emt 00:00:25]} 5. c3 {[%clk 01:00:40]} {[%emt 00:00:08]}
dxc3 {[%clk 00:57:58]} {[%emt 00:00:41]} 6. bxc3 {[%clk 01:00:29]} {[%emt
00:00:26]} Bc5 {[%clk 00:58:00]} {[%emt 00:00:12]} 7. Bxf7+ {[%clk 01:00:38]}
{[%emt 00:00:08]} Kxf7 {[%clk 00:58:01]} {[%emt 00:00:13]} 8. Qd5+ {[%clk
01:00:46]} {[%emt 00:00:08]} Ke8 {[%clk 00:57:53]} {[%emt 00:00:23]} 9. Qxc5
{[%clk 01:00:53]} {[%emt 00:00:07]} d6 {[%clk 00:57:55]} {[%emt 00:00:14]} 10.
Qd5 {[%clk 01:00:35]} {[%emt 00:00:34]} Nf6 {[%clk 00:57:50]} {[%emt 00:00:18]}
11. Qd3 {[%clk 01:00:38]} {[%emt 00:00:13]} Bg4 {[%clk 00:57:14]} {[%emt
00:00:50]} 12. O-O {[%clk 01:00:33]} {[%emt 00:00:20]} Qe7 {[%clk 00:56:38]}
{[%emt 00:00:51]} 13. Re1 {[%clk 00:59:34]} {[%emt 00:01:14]} Kd7 {[%clk
00:56:28]} {[%emt 00:00:25]} 14. Nbd2 {[%clk 00:59:22]} {[%emt 00:00:27]} Rad8
{[%clk 00:56:18]} {[%emt 00:00:24]} 15. Nb3 {[%clk 00:59:10]} {[%emt 00:00:28]}
Kc8 {[%clk 00:56:15]} {[%emt 00:00:18]} 16. h3 {[%clk 00:59:14]} {[%emt
00:00:11]} Ne5 {[%clk 00:55:20]} {[%emt 00:01:10]} 17. Nxe5 {[%clk 00:58:42]}
{[%emt 00:00:46]} dxe5 {[%clk 00:55:21]} {[%emt 00:00:15]} 18. Qg3 {[%clk
00:58:39]} {[%emt 00:00:18]} Bd7 {[%clk 00:54:32]} {[%emt 00:01:02]} 19. Be3
{[%clk 00:56:16]} {[%emt 00:02:39]} Nxe4 {[%clk 00:54:11]} {[%emt 00:00:37]}
20. Qf3 {[%clk 00:55:53]} {[%emt 00:00:37]} Ng5 {[%clk 00:53:40]} {[%emt
00:00:47]} 21. Bxg5 {[%clk 00:55:03]} {[%emt 00:01:05]} Qxg5 {[%clk 00:53:44]}
{[%emt 00:00:11]} 22. Nc5 {[%clk 00:54:50]} {[%emt 00:00:28]} Bc6 {[%clk
00:53:30]} {[%emt 00:00:29]} 23. Qg4+ {[%clk 00:53:47]} {[%emt 00:01:18]} Qxg4
{[%clk 00:53:15]} {[%emt 00:00:30]} 24. hxg4 {[%clk 00:53:49]} {[%emt
00:00:13]} Rhe8 {[%clk 00:53:14]} {[%emt 00:00:16]} 25. Rad1 {[%clk 00:53:48]}
{[%emt 00:00:16]} Rxd1 {[%clk 00:52:58]} {[%emt 00:00:30]} 26. Rxd1 {[%clk
00:53:53]} {[%emt 00:00:11]} e4 {[%clk 00:51:50]} {[%emt 00:01:23]} 27. Re1
{[%clk 00:52:24]} {[%emt 00:01:44]} Re5 {[%clk 00:51:32]} {[%emt 00:00:33]} 28.
Nb3 {[%clk 00:51:29]} {[%emt 00:01:10]} Kd7 {[%clk 00:51:34]} {[%emt 00:00:12]}
29. Nd2 {[%clk 00:51:32]} {[%emt 00:00:12]} Ke6 {[%clk 00:50:03]} {[%emt
00:01:46]} 30. f4 {[%clk 00:50:18]} {[%emt 00:01:29]} Rc5 {[%clk 00:48:53]}
{[%emt 00:01:24]} 31. Nxe4 {[%clk 00:49:42]} {[%emt 00:00:51]} Bxe4 {[%clk
00:48:04]} {[%emt 00:01:04]} 32. Rxe4+ {[%clk 00:49:40]} {[%emt 00:00:18]} Kd6
{[%clk 00:48:12]} {[%emt 00:00:07]} 33. c4 {[%clk 00:48:58]} {[%emt 00:00:57]}
b5 {[%clk 00:48:02]} {[%emt 00:00:25]} 34. Rd4+ {[%clk 00:48:33]} {[%emt
00:00:41]} Kc6 {[%clk 00:47:54]} {[%emt 00:00:23]} 35. cxb5+ {[%clk 00:48:41]}
{[%emt 00:00:07]} Rxb5 {[%clk 00:47:58]} {[%emt 00:00:10]} 36. Rc4+ {[%clk
00:48:32]} {[%emt 00:00:24]} Rc5 {[%clk 00:48:00]} {[%emt 00:00:13]} 37. Ra4
{[%clk 00:48:26]} {[%emt 00:00:22]} a5 {[%clk 00:48:02]} {[%emt 00:00:13]} 38.
Rd4 {[%clk 00:48:16]} {[%emt 00:00:25]} Rd5 {[%clk 00:47:42]} {[%emt 00:00:35]}
39. Re4 {[%clk 00:48:19]} {[%emt 00:00:12]} Kd7 {[%clk 00:47:38]} {[%emt
00:00:18]} 40. Kf2 {[%clk 00:48:12]} {[%emt 00:00:22]} Rd2+ {[%clk 00:46:56]}
{[%emt 00:00:57]} 41. Re2 {[%clk 00:48:20]} {[%emt 00:00:07]} Rxe2+ {[%clk
00:46:59]} {[%emt 00:00:11]} 42. Kxe2 {[%clk 00:48:30]} {[%emt 00:00:05]} Ke6
{[%clk 00:43:24]} {[%emt 00:03:50]} 43. f5+ {[%clk 00:48:09]} {[%emt 00:00:35]}
Ke5 {[%clk 00:43:30]} {[%emt 00:00:09]} 44. Ke3 {[%clk 00:48:18]} {[%emt
00:00:06]} c5 {[%clk 00:43:25]} {[%emt 00:00:19]} 45. g3 {[%clk 00:48:20]}
{[%emt 00:00:14]} g6 {[%clk 00:43:14]} {[%emt 00:00:25]} 46. fxg6 {[%clk
00:48:18]} {[%emt 00:00:19]} hxg6 {[%clk 00:43:22]} {[%emt 00:00:07]} 47. Kd3
{[%clk 00:48:22]} {[%emt 00:00:11]} Kd5 {[%clk 00:43:21]} {[%emt 00:00:16]} 48.
Kc3 {[%clk 00:48:29]} {[%emt 00:00:08]} c4 {[%clk 00:43:18]} {[%emt 00:00:18]}
49. g5 {[%clk 00:48:26]} {[%emt 00:00:17]} Kc5 {[%clk 00:43:23]} {[%emt
00:00:11]} 50. a3 {[%clk 00:48:24]} {[%emt 00:00:18]} Kd5 {[%clk 00:43:13]}
{[%emt 00:00:24]} 51. g4 {[%clk 00:48:17]} {[%emt 00:00:21]} Kc5 {[%clk
00:43:18]} {[%emt 00:00:10]} 52. Kc2 {[%clk 00:48:20]} {[%emt 00:00:11]} Kd4
{[%clk 00:43:19]} {[%emt 00:00:15]} 53. Kd2 {[%clk 00:48:24]} {[%emt 00:00:12]}
c3+ {[%clk 00:43:20]} {[%emt 00:00:14]} 54. Kc2 {[%clk 00:48:11]} {[%emt
00:00:27]} a4 {[%clk 00:43:21]} {[%emt 00:00:14]} 55. Kc1 {[%clk 00:48:11]}
{[%emt 00:00:15]} Kc5 {[%clk 00:41:09]} {[%emt 00:02:27]} 56. Kb1 {[%clk
00:47:51]} {[%emt 00:00:35]} Kc4 {[%clk 00:41:14]} {[%emt 00:00:10]} 57. Kc2
{[%clk 00:47:59]} {[%emt 00:00:07]} Kd4 {[%clk 00:41:18]} {[%emt 00:00:11]} 58.
Kc1 {[%clk 00:48:02]} {[%emt 00:00:11]} Kc5 {[%clk 00:40:51]} {[%emt 00:00:42]}
59. Kb1 {[%clk 00:48:05]} {[%emt 00:00:12]} Kd4 {[%clk 00:40:55]} {[%emt
00:00:11]} 60. Kc1 {[%clk 00:47:53]} {[%emt 00:00:28]} Kd3 {[%clk 00:40:30]}
{[%emt 00:00:41]} 61. Kd1 {[%clk 00:46:47]} {[%emt 00:01:20]} Ke3 {[%clk
00:39:25]} {[%emt 00:01:19]} 62. Kc2 {[%clk 00:46:54]} {[%emt 00:00:10]} Kd4
{[%clk 00:38:39]} {[%emt 00:01:00]} 63. Kc1 {[%clk 00:46:07]} {[%emt 00:01:02]}
Ke4 {[%clk 00:38:34]} {[%emt 00:00:20]} 64. Kc2 {[%clk 00:45:59]} {[%emt
00:00:23]} Kf4 {[%clk 00:38:39]} {[%emt 00:00:10]} 65. Kxc3 {[%clk 00:46:03]}
{[%emt 00:00:11]} Kxg4 {[%clk 00:38:50]} {[%emt 00:00:04]} 66. Kb4 {[%clk
00:46:04]} {[%emt 00:00:14]} Kxg5 {[%clk 00:38:57]} {[%emt 00:00:08]} 67. Kxa4
{[%clk 00:46:09]} {[%emt 00:00:10]} Kf5 {[%clk 00:38:58]} {[%emt 00:00:12]} 68.
Kb5 {[%clk 00:46:01]} {[%emt 00:00:26]} g5 {[%clk 00:39:04]} {[%emt 00:00:08]}
69. a4 {[%clk 00:46:08]} {[%emt 00:00:09]} g4 {[%clk 00:39:12]} {[%emt
00:00:06]} 70. a5 {[%clk 00:46:20]} {[%emt 00:00:04]} g3 {[%clk 00:39:21]}
{[%emt 00:00:05]} 71. a6 {[%clk 00:46:30]} {[%emt 00:00:06]} g2 {[%clk
00:39:29]} {[%emt 00:00:06]} 72. a7 {[%clk 00:46:37]} {[%emt 00:00:09]} g1=Q
{[%clk 00:39:35]} {[%emt 00:00:08]} 73. a8=Q {[%emt 00:00:26]} Qb1+ {[%clk
00:39:35]} {[%emt 00:00:10]} 74. Ka6 {[%clk 00:46:33]} {[%emt 00:00:12]} Qa2+
{[%clk 00:39:27]} {[%emt 00:00:23]} 75. Kb7 {[%clk 00:46:33]} {[%emt 00:00:15]}
Qd5+ {[%clk 00:39:31]} {[%emt 00:00:11]} 76. Ka7 {[%clk 00:46:30]} {[%emt
00:00:18]} Qa5+ {[%clk 00:39:32]} {[%emt 00:00:14]} 77. Kb8 {[%clk 00:46:29]}
{[%emt 00:00:16]} Qd8+ {[%clk 00:39:08]} {[%emt 00:00:40]} 78. Kb7 {[%clk
00:46:36]} {[%emt 00:00:08]} Qd7+ {[%clk 00:39:15]} {[%emt 00:00:08]} 79. Ka6
{[%clk 00:46:35]} {[%emt 00:00:16]} Qd6+ {[%clk 00:39:12]} {[%emt 00:00:17]}
80. Ka7 {[%clk 00:46:27]} {[%emt 00:00:24]} Qc7+ {[%clk 00:38:55]} {[%emt
00:00:32]} 81. Ka6 {[%clk 00:46:16]} {[%emt 00:00:27]} Ke6 {[%clk 00:38:48]}
{[%emt 00:00:21]} 82. Qg8 {[%emt 00:00:42]} Qf7 {[%emt 00:00:09]} 83. Qg4
{[%clk 00:45:17]} {[%emt 00:00:20]} Qf5 {[%clk 00:38:52]} {[%emt 00:00:12]} 84.
Qe2 {[%clk 00:45:22]} {[%emt 00:00:11]} Kd6 {[%clk 00:38:43]} {[%emt 00:00:24]}
85. Qd2 {[%clk 00:44:51]} {[%emt 00:00:47]} Qd5 {[%clk 00:38:50]} {[%emt
00:00:08]} 86. Qh6 {[%clk 00:44:57]} {[%emt 00:00:09]} Kc5 {[%clk 00:38:41]}
{[%emt 00:00:25]} 87. Qc1+ {[%clk 00:45:03]} {[%emt 00:00:09]} Kd6 {[%clk
00:38:16]} {[%emt 00:00:40]} 88. Qa3 {[%clk 00:45:00]} {[%emt 00:00:18]} Qc5
{[%clk 00:38:21]} {[%emt 00:00:10]} 89. Qg3 {[%clk 00:45:04]} {[%emt 00:00:12]}
Kc6 {[%clk 00:38:26]} {[%emt 00:00:10]} 90. Qg2 {[%clk 00:44:43]} {[%emt
00:00:36]} Kc7 {[%clk 00:38:27]} {[%emt 00:00:13]} 91. Qb7+ {[%clk 00:44:43]}
{[%emt 00:00:16]} Kd6 {[%clk 00:38:24]} {[%emt 00:00:17]} 92. Qb8 {[%clk
00:44:44]} {[%emt 00:00:15]} Qc7 {[%clk 00:38:24]} {[%emt 00:00:15]} 93. Qb4
{[%clk 00:44:42]} {[%emt 00:00:18]} Qc5 {[%clk 00:38:29]} {[%emt 00:00:09]} 94.
Qd2 {[%clk 00:44:48]} {[%emt 00:00:08]} Kc6 {[%clk 00:38:12]} {[%emt 00:00:32]}
95. Qh6 {[%clk 00:44:54]} {[%emt 00:00:09]} Qd6 {[%clk 00:38:14]} {[%emt
00:00:13]} 96. Qh1 {[%clk 00:44:42]} {[%emt 00:00:27]} Kc7+ {[%clk 00:37:57]}
{[%emt 00:00:32]} 97. Kb5 {[%clk 00:44:41]} {[%emt 00:00:16]} Qe5+ {[%clk
00:37:48]} {[%emt 00:00:24]} 98. Kc4 {[%clk 00:44:41]} {[%emt 00:00:15]} Qf4+
{[%clk 00:37:46]} {[%emt 00:00:17]} 99. Kd3 {[%clk 00:44:46]} {[%emt 00:00:10]}
Qg3+ {[%clk 00:37:46]} {[%emt 00:00:14]} 100. Ke2 {[%clk 00:44:44]} {[%emt
00:00:18]} Qe5+ {[%clk 00:37:51]} {[%emt 00:00:10]} 101. Kd2 {[%clk 00:44:41]}
{[%emt 00:00:18]} Qb2+ {[%clk 00:37:59]} {[%emt 00:00:08]} 102. Ke3 {[%clk
00:44:41]} {[%emt 00:00:15]} Qb6+ {[%clk 00:37:52]} {[%emt 00:00:21]} 103. Kf4
{[%clk 00:44:35]} {[%emt 00:00:22]} Qf6+ {[%clk 00:37:54]} {[%emt 00:00:12]}
104. Ke3 {[%clk 00:44:39]} {[%emt 00:00:10]} Qg5+ {[%clk 00:37:49]} {[%emt
00:00:21]} 105. Ke2 {[%clk 00:44:43]} {[%emt 00:00:12]} Qe5+ {[%clk 00:37:47]}
{[%emt 00:00:17]} 106. Kd2 {[%clk 00:44:25]} {[%emt 00:00:33]} Qb2+ {[%clk
00:37:34]} {[%emt 00:00:28]} 107. Ke3 {[%clk 00:44:28]} {[%emt 00:00:11]} Qc3+
{[%clk 00:37:36]} {[%emt 00:00:13]} 108. Kf2 {[%clk 00:44:35]} {[%emt
00:00:08]} Qd2+ {[%clk 00:37:34]} {[%emt 00:00:18]} 109. Kg3 {[%clk 00:44:37]}
{[%emt 00:00:12]} Qg5+ {[%clk 00:37:28]} {[%emt 00:00:22]} 110. Kf2 {[%clk
00:44:38]} {[%emt 00:00:14]} Qf6+ {[%clk 00:37:30]} {[%emt 00:00:11]} 111. Ke2
{[%clk 00:44:40]} {[%emt 00:00:13]} Qe6+ {[%clk 00:37:32]} {[%emt 00:00:14]}
112. Kd2 {[%clk 00:44:35]} {[%emt 00:00:20]} Kd6 {[%clk 00:37:35]} {[%emt
00:00:12]} 113. Qh2+ {[%clk 00:44:08]} {[%emt 00:00:41]} Kd5 {[%clk 00:37:36]}
{[%emt 00:00:14]} 114. Qg2+ {[%clk 00:44:12]} {[%emt 00:00:11]} Kd4 {[%clk
00:37:40]} {[%emt 00:00:12]} 115. Qf2+ {[%clk 00:44:15]} {[%emt 00:00:11]} Kd5
{[%clk 00:37:47]} {[%emt 00:00:09]} 116. Qf3+ {[%clk 00:44:23]} {[%emt
00:00:06]} Qe4 {[%clk 00:37:53]} {[%emt 00:00:09]} 117. Qf7+ {[%clk 00:44:23]}
{[%emt 00:00:16]} Qe6 {[%clk 00:37:51]} {[%emt 00:00:17]} 118. Qb7+ {[%clk
00:44:27]} {[%emt 00:00:11]} Qc6 {[%clk 00:37:40]} {[%emt 00:00:26]} 119. Qb3+
{[%clk 00:44:30]} {[%emt 00:00:12]} Qc4 {[%clk 00:37:48]} {[%emt 00:00:07]}
120. Qd1 {[%clk 00:42:24]} {[%emt 00:02:20]} Qd4+ {[%clk 00:37:44]} {[%emt
00:00:18]} 1/2-1/2